000 00883nam a2200217Ia 4500
001 14222
005 20260323164709.0
008 260306t2010||||xx |||||||||||||| ||spa||
041 _aESP
082 _a510.073
_bE79
100 _aEscudero Trujillo, Rafael
_eAUT
245 0 _aMatemáticas básicas
260 _c2010
300 _a238 páginas :
_c24 cm.
650 _aGEN
654 _aCMA
856 _uhttps://itmsp.museknowledge.com/UCSP?url=https://www.ebooks7-24.com:443/?il=1668&pg=1
_zVéase además: Matemáticas básicas, por Alan S. Tussy. Versión digital
856 _uhttps://0u213tr4s-y-https-ebooks7--24-com.itmsp.museknowledge.com/biblioteca.aspx
_zVéase además: Base de datos Ebook7-24
856 _uhttps://0u20ftr4z-y-https-research-ebsco-com.itmsp.museknowledge.com/c/qxo6us/search
_zVéase además: Base de datos EBSCOhost
942 _cLIB
_dJUS
_fJUS
_2ddc
999 _c14222
_d14222